000 00531nam a2200229Ia 4500
003 OSt
005 20250819143704.0
008 210210b2007 xxu||||| |||| 00| 0 eng d
020 _a9788183188328
040 _aAL
_c
041 _aeng
082 _a574.87 POWC
100 _aPower C B
_937897
245 _aCell biology Ed 3
250 _a3
260 _aMumbai
_bHimalaya Publishing House
_c2007
300 _axv,782p.
650 _aCell
_937898
690 _aCell Biology
_937899
906 _a062524
942 _2ddc
_cBK
999 _c117637
_d117637